000
00264nam a2200121 a 4500
008
110107s1975|||| d
100
1
_a
Lenin, V.I.
245
1
0
_a
Mládeži
260
_b
Smena
_a
Bratislava
_c
1975
020
_c
11
041
_a
slo
044
_a
xo
_c
SK
999
_c
15568
_d
15568